000 00261nam a2200109Ia 4500
100 _aLockwood/F.B
942 _cBK
654 _aNumerical Control
245 _aFundamentals of Numerical Control
260 _bMachinery Publication & co
_c2001
546 _aENGLISH
999 _c30100
_d30100